L'enchiridion confessariorum del navarro (Record no. 58040)

MARC details
000 -LEADER
campo de control de longitud fija 00549nam a2200157 i 4500
001 - NÚMERO DE CONTROL
campo de control 58040
003 - IDENTIFICADOR DE NÚMERO DE CONTROL
campo de control ES-MaACL
005 - FECHA Y HORA DE LA ÚLTIMA TRANSACCIÓN
campo de control 20230906163719.0
007 - CAMPO FIJO DE DESCRIPCIÓN FÍSICA--INFORMACIÓN GENERAL
campo de control de longitud fija t|
008 - DATOS DE LONGITUD FIJA--INFORMACIÓN GENERAL
campo de control de longitud fija 031020s1957 sp ||||1| lat d
100 1# - ENTRADA PRINCIPAL--NOMBRE DE PERSONA
Nombre de persona Dunoyer, Emilio.
9 (RLIN) 46067
245 12 - MENCIÓN DEL TÍTULO
Título L'enchiridion confessariorum del navarro
Resto del título : dissertatio as lauream in facultate S. Theologiae apud pontificium Institutum "Angelicum" de urbe /
Mención de responsabilidad, etc. Emilio Dunoyer.
260 ## - PUBLICACIÓN, DISTRIBUCIÓN, ETC.
Lugar de publicación, distribución, etc. Pamplona :
Nombre del editor, distribuidor, etc. [s.n.,
Fecha de publicación, distribución, etc. 1957] (
Fabricante Edit. Gurrea)
300 ## - DESCRIPCIÓN FÍSICA
Extensión 158 p. ;
Dimensiones 24 cm.
852 ## - LOCALIZACIÓN
Ubicación ES-MaACL
Número de control de estantería C-13260
Sublocalización o colección R.40256
Holdings
Estatus retirado Estado de pérdida Estado de daño No para préstamo Biblioteca de origen Biblioteca actual Ubicación en estantería Fecha de adquisición Fuente de adquisición Total de préstamos Signatura topográfica completa Código de barras Visto por última vez Precio de reemplazo Tipo de ítem Koha
        Biblioteca del Ateneo de Madrid Biblioteca del Ateneo de Madrid Sala Palomar 17/01/2008     C-13260 1060912 23/02/2023 23/02/2023 Libro impreso